| 000 | 00859cam a22002051 4500 | ||
|---|---|---|---|
| 001 | g 01002178 | ||
| 003 | DLC | ||
| 005 | 20260227111257.0 | ||
| 008 | 930513s1880 gw a 000 0 ger | ||
| 010 | _ag 01002178 | ||
| 035 | _a(OCoLC)28104985 | ||
| 040 |
_aDLC _cCU _dCU _dDLC |
||
| 050 | 0 | 0 |
_aHD659.H2 _bS3 |
| 100 | 1 |
_aSchlitz genannt von Görtz, Werner, _d1849- |
|
| 245 | 0 | 4 |
_aDie Entwicklung der Landwirthschaft auf den Goertz-Wrisbergschen gütern in der provinz Hannover auf grund Archivalischen materials, _cvon Werner graf Goertz-Wrisberg ... |
| 260 |
_aJena, _bG. Fischer, _c1880. |
||
| 300 |
_axv, 147, [1] p. incl. tables (1 fold.) _c24 cm. |
||
| 440 | 0 |
_aSammlung nationalökonomischer und statistischer Abhandlungen des Staatswissenschaftlichen seminars zu Halle a.d.S., _v2. Bd., 4. Hft. |
|
| 650 | 0 |
_aAgriculture _zGermany _zHannover (Province) |
|
| 999 |
_c23922 _d23922 |
||